[Event "ISR-chT"]
[Site "Israel"]
[Date "1997.??.??"]
[Round "3"]
[White "Alterman, Boris"]
[Black "Liss, Eran"]
[Result "1-0"]
[WhiteElo "2595"]
[BlackElo "2520"]
[Annotator "Alterman,B"]
[PlyCount "91"]
[EventDate "1997.??.??"]
[EventType "team"]
[EventRounds "11"]
[EventCountry "ISR"]
[SourceTitle "CBM 059"]
[Source "ChessBase"]
[SourceDate "1997.08.01"]
[SourceVersion "1"]
[SourceVersionDate "1997.08.01"]
[SourceQuality "1"]

1. d4 Nf6 2. c4 g6 3. Nc3 d5 4. Bf4 Bg7 5. e3 c5 6. dxc5 Qa5 7. Qa4+ Qxa4 8.
Nxa4 O-O 9. Nc3 (9. Rc1 Bd7 (9... Na6 10. cxd5 Nxd5 11. Bxa6 bxa6 12. Ne2 Nb4
13. O-O Nxa2 14. Ra1 Nb4 15. Rfd1 Be6 16. Nd4 Bxd4 17. exd4 Bb3 18. Rd2 Nc2 19.
Rxc2 Bxc2 20. Nc3 Rfd8 21. d5 Bb3 22. Bc7 Rd7 23. d6 exd6 24. cxd6 Re8 25. f3
Rxc7 26. dxc7 Rc8 27. Rxa6 {1/2-1/2 Novikov,I-Alterman,B/Berlin op 1991}) 10.
Nc3 dxc4 11. Bxc4 Na6 12. Nf3 Nxc5 13. Ke2 Rac8 14. Be5 a6 15. a3 Na4 16. Nxa4
Bxa4 17. Nd4 Ne4 18. Bxg7 Kxg7 {1/2-1/2 Salov,V-Kortschnoj,V/Brussels WCup ;
CBM 07 1988}) (9. Nf3 Be6 $5 {N} (9... Nc6 10. Rd1 dxc4 11. Bxc4 Bf5 12. Bb5
Bc2 13. Rd2 Bxa4 14. Bxa4 Ne4 15. Bxc6 bxc6 16. Rc2 Rfd8 17. Ke2 Rd5 18. Rhc1
e5 19. Bg3 Rb8 20. Ne1 Nxg3+ 21. hxg3 e4 22. b3 Rb5 23. Rc4 f5 24. f3 Bf8 25.
b4 {1-0 Gyimesi,Z-Veroci,Z/Groningen op ;EXP 50 1995 (42)}) 10. Nd4 Bd7 11. Nc3
dxc4 12. Bxc4 Rc8 13. Nb3 a5 14. Bxb8 (14. a4 Na6 15. Bxa6 Rxa6 {/\ Be6}) 14...
Raxb8 15. a4 e6 (15... Be8 $5 {/\ Nd7 Sokolov,I}) 16. O-O Bf8 17. Rfd1 (17.
Nxa5 Bxc5 {/\ Bb4}) 17... Bxc5 18. Nxc5 Rxc5 19. Bb5 Bxb5 20. axb5 b6 $15 {
><b5 =/+ Gamarra Caceres,C-Sokolov,I/Thessaloniki olm 46/608 1988}) (9. Rd1 Be6
10. Nf3 dxc4 11. Nd4 Bd7 12. Nc3 Rc8 13. Ndb5 Na6 14. Bxc4 Rxc5 15. Be2 Nb4 16.
a3 Na2 17. Rxd7 Nxd7 18. Nxa2 Rc2 19. Nb4 Rxb2 20. Nd5 Rb1+ {0-1 Majer,
D-Konopka,M/BL2-O 9596 (1996) ;BL2 1996 (28)}) 9... dxc4 (9... Be6 10. Nf3 dxc4
11. Nd4 Nd5 12. Nxe6 fxe6 13. Bxc4 (13. Rc1 $5) 13... Nxc3 14. bxc3 Bxc3+ 15.
Ke2 Bxa1 16. Rxa1 (16. Bxe6+ Kg7 17. Rxa1 Nc6 18. Rb1 Rxf4) 16... Nc6 17. Rb1
$44 {Alterman,B-Neverov,V Lugansk 1987}) 10. Bxc4 $14 Nbd7 11. c6 $1 bxc6 12.
Nf3 Nh5 13. Bc7 $1 a5 14. h3 Ra7 15. Bh2 Rb7 (15... a4 16. a3 Nb6 17. Be2 Nd5
18. Be5 $14 (18. Nxd5 $6 cxd5 19. Be5 Bxe5 20. Nxe5 Nf6 $11)) 16. O-O-O Nb6 17.
Ba6 Ra7 18. Bxc8 Rxc8 19. Rd3 $16 a4 20. Rhd1 Raa8 21. a3 c5 22. Ne5 $6 (22. g4
$1 Nf6 23. g5 Ne8 24. Kc2 $16) 22... Nf6 23. R3d2 e6 24. Rc2 c4 $1 $132 25. Nb5
(25. e4) 25... Bf8 $2 (25... Ne4 $1 26. Nd6 Nxd6 27. Rxd6 Rab8 28. Nd7 $14 Nxd7
29. Rxd7 Rb3 30. Bd6 $2 Rd3) 26. Nd6 Bxd6 27. Rxd6 Nbd5 28. Rc6 $1 (28. Nxc4 $6
Ne4 29. Rd7 Nxf2 30. Rxf2 Rxc4+ 31. Kb1 f6 $13) 28... Rxc6 (28... c3 29. bxc3
Rxc6 30. Nxc6 Rc8 31. Nd4 Rxc3 32. Rxc3 Nxc3 $14) 29. Nxc6 Ne4 30. Rxc4 $1 $138
(30. f3 Nc5 31. Kd2 Rc8 32. Ne5 Nb3+ 33. Ke2 c3 $11) 30... Nxf2 31. Kd2 f5 (
31... Nd1 32. e4 $5 (32. Ne7+ Nxe7 33. Kxd1 $14) 32... N5e3 $2 (32... Nxb2 33.
Rc2 Nb6 34. Rxb2 Nc4+ 35. Kc3 Nxb2 36. Kxb2 f5 $14) 33. Rc1 $16) 32. Ke2 Ne4 (
32... Nd1 $6 33. Ne7+ $1 Nxe7 34. Kxd1 $16) 33. Nd4 Kf7 34. Rc6 Re8 (34... Ra7
$1 35. Nxe6 Re7 36. Nd4 Nef6 37. Nc2 f4 38. Bg1 Rb7 (38... fxe3 $1 39. Rc4 g5
40. g3 $14) 39. exf4 Rxb2 40. Bd4 Rb3 41. Bxf6 Nxf6 42. Rc4 Nd5 $14) 35. Be5
$16 Re7 36. Ra6 Rb7 37. Nc6 Rb3 38. Bd4 Ng3+ 39. Kf2 Ne4+ 40. Ke2 Ng3+ (40...
g5 $8) 41. Kf3 Nf1 42. Na5 $3 $18 Rb8 (42... Rxe3+ 43. Bxe3 Nfxe3 44. Nc6 $18)
(42... Rb5 43. Nc4 Ke7 44. Kf2 $18) 43. Nc4 f4 (43... Ke7 44. Kf2 $18) 44. Be5
$1 Nfxe3 (44... Rb3 45. Ra7+ Kf8 46. Bxf4 $18) 45. Ra7+ Kf8 46. Nxe3 1-0

[Event "SLO-chT 11th"]
[Site "Bled"]
[Date "2001.10.24"]
[Round "7"]
[White "Atalik, Suat"]
[Black "Perus, Danilo"]
[Result "1-0"]
[WhiteElo "2527"]
[BlackElo "2309"]
[Annotator "Atalik,S"]
[PlyCount "45"]
[EventDate "2001.10.18"]
[EventType "team-tourn"]
[EventRounds "7"]
[EventCountry "SLO"]
[SourceTitle "EXT 2002"]
[Source "ChessBase"]
[SourceDate "2001.11.25"]
[SourceVersion "1"]
[SourceVersionDate "2001.11.25"]
[SourceQuality "1"]
[WhiteTeam "Ptuj"]
[BlackTeam "Nova Gorica"]
[WhiteTeamCountry "SLO"]
[BlackTeamCountry "SLO"]

1. d4 Nf6 2. c4 g6 3. Nc3 d5 4. Bf4 Bg7 5. e3 c5 6. dxc5 Qa5 7. Qa4+ $6 {
A toothless line.I have chosen it due to its heavy theoretical nature.Usually
non professionals do not follow up the current theory.} Qxa4 8. Nxa4 Bd7 9. Nc3
dxc4 $6 {That is not why the line is quitted!} ({The best is} 9... Ne4 10. Nxd5
Na6 11. f3 (11. Ne2 $5 Nexc5) 11... Nexc5 12. Rb1 e6 13. Nc7+ Nxc7 14. Bxc7 Na4
$44) 10. Bxc4 Bc6 11. Nf3 Nbd7 12. Ne5 $1 {A healthy exchange.} Nxe5 13. Bxe5
Bxg2 14. Rg1 $1 ({The text is better than the obvious} 14. Bb5+ Bc6 15. Bxc6+
bxc6 16. O-O-O Nh5 17. Bxg7 Nxg7 $11) 14... Bf3 $5 (14... Bc6 15. Ke2 O-O 16.
Rad1 $14) 15. Bb5+ Kf8 16. Rg3 Bh5 $1 $146 ({The text is better than the
previously played} 16... Bc6 17. Bxc6 bxc6 18. O-O-O Nh5 19. Bxg7+ Kxg7 20. Rg4
$16) 17. e4 (17. Bf1 $2 Nd7 18. Bxg7+ Kxg7 19. b4 a5 $17) 17... Bh6 $2 {
Unnecessary.} (17... Rd8 $1 {Simple chess is the best!} 18. f3 Nd7 19. Bxg7+
Kxg7 20. Bxd7 Rxd7 21. Rd1 $1 (21. Nd5 $6 Rhd8 (21... Rc8 $6 22. Rc1 e6 23. Nf4
Kh6 24. Nxh5 Kxh5 25. Rh3+ Kg5 26. Rxh7 $14) 22. Rc1 e6 23. Nf4 Kh6 $11) 21...
Rhd8 22. Rxd7 Rxd7 23. Ke2 Rd4 24. b3 $14) 18. Rd3 $1 {g line has lost its
importance.} (18. Nd5 $6 Nxd5 (18... Nxe4 $2 19. Bxh8 Nxg3 20. hxg3 f6 21. Bc4
$18) 19. exd5 Bg7 $13) 18... Kg7 $2 {Black has lost the control over the game.}
(18... Bg4 19. f3 Be6 20. Rad1) (18... Rc8 19. b4 a6 20. Ba4 $16) 19. Rd7 $18
Rhc8 20. Rxe7 $6 {Relaxed and unable to calculate.} (20. b4 a5 21. Rxe7 axb4
22. Nd5 Bg5 23. Nc7 Ra5 24. Ne6+ Kh6 25. Nxg5 Kxg5 26. f4+ $18) 20... Rxc5 21.
Bd4 Rg5 22. f4 $2 {This semt to win on the spot but...} (22. Nd5 Rg1+ 23. Bf1
Bg5 24. Nc7 $18) (22. e5 Rg1+ 23. Bf1 Ng4 24. e6+ Kf8 25. Rxf7+ Kg8 26. Nd5 Re8
27. Ne7+ Rxe7 28. Rxe7 Bf8 29. Re8 $18) 22... Rg2 $4 {Suicide!} (22... Rxb5 $1
23. Nxb5 Bxf4 24. Nc7 $1 (24. e5 $6 Nd5 25. e6+ (25. Rxb7 g5) 25... Kh6 26.
Rxf7 Re8 $13) 24... Bxc7 25. Rxc7 Re8 26. e5 Ng4 27. e6+ Kh6 28. e7 Nxh2 29.
Bxa7 $18) 23. Nd5 1-0

[Event "Belgrade Trophy 29th"]
[Site "Belgrade"]
[Date "2015.12.01"]
[Round "8"]
[White "Atalik, Suat"]
[Black "Vishnu, Prasanna V"]
[Result "1/2-1/2"]
[WhiteElo "2570"]
[BlackElo "2514"]
[Annotator "Atalik,S"]
[PlyCount "100"]
[EventDate "2015.11.24"]
[EventType "swiss"]
[EventRounds "9"]
[EventCountry "SRB"]
[SourceTitle "CBM 170"]
[Source "ChessBase"]
[SourceDate "2016.01.15"]
[SourceVersion "1"]
[SourceVersionDate "2016.01.15"]
[SourceQuality "1"]

1. d4 Nf6 2. c4 g6 3. Nc3 d5 4. Bf4 $5 {One of the oldest lines in the
Grünfeld.} Bg7 5. e3 c5 {I have never liked this move for Black.} 6. dxc5 Qa5
7. Qb3 $5 {The sharpest but a forgotten line.} (7. Qa4+ Qxa4 8. Nxa4 Bd7 $1 9.
Nc3 {Atalik-Perus, Slovenian League 2001.} Ne4 $1 10. Nxd5 Na6 11. f3 Nexc5 $40
) 7... Nc6 $6 {I find this risky.} ({The real antidote for the line may just be
} 7... dxc4 $1 8. Bxc4 O-O 9. Qb5 Qxb5 10. Bxb5 Bd7 11. Be2 Bc6 12. Nf3 Nbd7
13. Rc1 Nxc5 14. O-O $11) 8. Qb5 Be6 9. Nf3 (9. Qxb7 O-O 10. Qb5 dxc4 $13) 9...
dxc4 (9... O-O-O $2 10. Nd4) 10. Ng5 {White has to be careful with the move
order.} (10. Qxa5 Nxa5 11. Ng5 Rc8 $1 (11... Nd5 {transposes to the game.}))
10... Nd5 11. Qxa5 Nxa5 12. Nxe6 $1 {The correct capture.} (12. Nxd5 $6 Bxd5
13. O-O-O Bc6 14. Bc7 b6 $40 {and White feels that his king is on the wrong
side of the board.}) 12... fxe6 (12... Bxc3+ 13. bxc3 fxe6 14. Be5 Rf8 15. Bd4
O-O-O 16. g3 Nc6 17. Bxc4 e5 18. Bxd5 Nxd4 19. Bxb7+ Kxb7 20. cxd4 exd4 21.
exd4 Rxd4 22. O-O $14 {is too complicated.}) 13. Nxd5 exd5 14. O-O-O e6 {
Black is getting prepared for short castling.} (14... e5 15. Bg3 (15. Bg5 h6
16. Bh4 g5 17. Bg3 O-O-O 18. f3 $13) 15... O-O-O 16. Bh4 Rd7 17. g3 (17. Be2 h5
18. g4 $5) 17... Kb8 (17... h6 18. Bh3 g5 19. Rxd5 $18) 18. Bh3 Rf7 19. f4 $36)
15. e4 O-O $1 {The correct side of the board!} (15... O-O-O $2 16. exd5 (16. g3
) 16... exd5 17. g3 $1) (15... d4 $5 16. Bd2 c3 17. bxc3 dxc3 18. Be3 Ke7 19.
Bb5 Rhd8 20. Rd6 $1 $40) ({White has to be careful after.} 15... Rf8 $5 16. g3
(16. Bc7 Rxf2) 16... d4 17. Bh3 (17. e5 $6 d3 18. Bd2 (18. h4 Rc8 $17) 18...
Rxf2 19. Bxa5 Rc8 $44 (19... Bxe5 $2 20. Rd2)) (17. Bd2 $6 Rxf2 $1 18. Bxa5 d3
19. Bd2 (19. Rd2 Bh6 20. Kd1 Bxd2 21. Bxd2 Kd7 22. Ke1 Raf8 23. b3 Kc6 24. bxc4
R8f3 $13) 19... Rc8 20. Bh3 Rxc5 21. Bxe6 Rb5 22. e5 Bxe5 23. Bxc4 Rc5 24. b3
b5 25. Bb4 Rxc4+ (25... Rc2+ $11) 26. bxc4 Rc2+ $11 27. Kb1 Rb2+ $11) 17... Kd7
(17... e5 18. Bd2 Nc6 19. Be6) 18. Bd6 Rxf2 19. Rdf1 $1 $40) 16. g3 {Preparing
Bh3.} (16. Bd2 $2 c3 $1 $17 (16... Nc6 17. exd5 exd5 18. Be3 Rad8 19. Rxd5 Rxd5
20. Bxc4 Rfd8 21. Rd1 Ne7 22. Bg5 Kh8 23. Bxd5 Rxd5 24. Bxe7 Bxb2+)) (16. Be3
$2 Rad8 (16... d4 17. Rxd4 $5)) 16... d4 (16... Rxf4 $5 17. gxf4 d4 18. f5 $5
$13 {is also very sharp.}) 17. Bd2 $1 {White has to do something about the
advanced central pawns.} (17. e5 d3 18. Bd2 Nc6 19. f4 Rfd8 20. b3 b5 $1 21.
cxb6 axb6 22. bxc4 Rxa2 23. Kb1 Ra7 (23... Rda8 24. Bc3 $13) 24. Bc3 Rad7 25.
Bh3 Kf7 $13) (17. Bc7 $6 b6 18. Bh3 Kf7 $1) 17... c3 $2 {It is time for a
sacrifice.} ({White should only be afraid of} 17... Rxf2 $3 18. Bxa5 c3 $1 (
18... d3 $2 19. Bd2 Rc8 20. Bh3 Rc6 21. e5 Bxe5 22. Rhe1 Rxh2 23. Rxe5 Rxh3 24.
g4 $18) 19. bxc3 b6 20. Bc4 (20. Bh3 $145) 20... bxa5 21. Bxe6+ Kh8 22. Rhf1
Bh6+ 23. Kb1 Rb8+ 24. Bb3 Rxf1 25. Rxf1 d3 $1 (25... a4 $2 26. cxd4 axb3 27. c6
Rc8 28. d5 Bg7 29. axb3 $16) 26. c6 a4 27. c7 Rc8 28. Bc4 (28. Bd5 Rxc7 29. c4
Rc8 30. Kb2 $1 (30. Rf7 Rb8+ 31. Rb7 Rf8 32. Rf7 $11) 30... Bg7+ 31. Ka3 d2 32.
Kxa4 Rf8 33. Rd1 Rf2 34. c5 Be5 35. c6 Rxh2 36. g4 g5 37. Be6 Kg7 38. Kb3 Kf6
39. Bf5 Bc7 40. Kc2 Ba5 41. c7 Bxc7 42. Rxd2 Rxd2+ 43. Kxd2 $11) (28. Bxa4 $6
Rxc7 $36) 28... Rxc7 $1 (28... d2 $6 29. Kc2 Rxc7 30. Bd5 $16) 29. Bxd3 Rxc3
30. Bc2 a3 31. Rd1 Rc7 $11) 18. bxc3 dxc3 19. Be3 $16 {White stands clearly
better with the pair of bishops.} b6 $1 {The best chance.} (19... Rfd8 20. Bb5
$1 Kf7 (20... a6 $2 21. Bd7 Kf7 22. Rd6 $18) 21. f4 Ke7 22. e5 $16) 20. Bh3 {
In spite of my long search for a winning line} (20. Rd6 Nb7 21. Rxe6 Nxc5 22.
Bxc5 bxc5 23. f4 Bd4 $132) (20. Ba6 bxc5 21. Bxc5 Rfb8 $132) (20. Kc2 $5) ({
I failed to see the simplest} 20. f4 $1 e5 (20... bxc5 21. e5 Rab8 22. Bh3 Rfe8
23. Kc2 Nc4 (23... Rb2+ $2 24. Kxc3 Rxa2 25. Ra1 $18) 24. Bc1 Nb6 25. Rd6 Kf7
26. Rhd1 $16) 21. f5 $1 gxf5 22. exf5 e4 23. g4 bxc5 24. Rd5 $16) 20... Rfe8
21. Rd6 Nb7 $5 {The best chance since there are many confusing lines after
Black brings the knight back in time.} (21... Kf7 22. Rd7+ Re7 23. Rhd1 Nc4 24.
Bg5 (24. c6 Nd2 $5) 24... Bf6 25. Rxe7+ Kxe7 26. Bxf6+ Kxf6 27. Rd4 b5 28. Bf1
Ke5 29. Rd7 Rc8 30. c6 $1 Nb6 (30... Rxc6 $2 31. f4+ Kf6 32. e5+ Kf5 33. Bh3+
Ke4 34. Bg2+) (30... Kxe4 31. Bxc4 bxc4 32. c7 $18) 31. Rxa7 Rxc6 32. f4+ Kd4
33. Bxb5 Rc5 34. a4 $16) 22. Bxe6+ ({I had an equally attractive line in which
after} 22. Rxe6 $5 Nxc5 23. Bxc5 bxc5 {I missed} 24. e5 $1 Kf7 (24... g5 25. f4
gxf4 26. gxf4 Rxe6 27. Bxe6+ Kh8) (24... Bxe5 25. Re1) 25. Rxe8 Rxe8 26. f4 Rd8
27. Rd1 Rd4 $16 28. Kc2 g5 29. e6+ Ke7 30. fxg5 Rxd1 31. Kxd1 h6 32. gxh6 (32.
g6 $5) 32... Bxh6 33. Bf5 Be3 34. Ke2 Bd4 35. Kf3 (35. h4 Kf6 36. g4 $18) 35...
c2 36. Bxc2 Kxe6 37. Bb3+ Kf6 38. h4 $18) 22... Kh8 $1 (22... Kf8 $2 23. Rd7 $1
Nxc5 (23... Re7 $2 24. Rxe7 Kxe7 25. Bd5 $18) 24. Bxc5+ bxc5 25. Rf7+ Kg8 26.
Rxa7+ Kh8 27. Rxa8 Rxa8 28. Rd1 $16) 23. Bd5 (23. Rc6 Nxc5 (23... Nd8 $2 24.
Bd5 $1) 24. Bxc5 bxc5 25. f4 Bd4 $132) 23... Nxd6 24. Bxa8 $2 {I changed my
mind at the last moment and possibly lost my focus in the game at least
momentarily.} (24. cxd6 Rad8 25. d7 (25. Bf4 Be5 26. Bxe5+ Rxe5 27. f4 Rxd5 28.
exd5 Rxd6 29. Rd1 b5 30. Kc2 b4 31. a3 a5 32. axb4 axb4 33. Rd4 h5 $11) 25...
Re7 $1 {provides opposite coloured bishops.} (25... Re5 26. Bc6 Re6 27. Bb5 Bf6
(27... Rxe4 $2 28. Bg5) 28. f3 a6 $1 29. Bxa6 Rxd7 30. Bc8 Rd3 $11) (25... Rxd7
$2 26. Bc6 Red8 27. Bxd7 Rxd7 28. Rd1 $18) 26. Bg5 Rexd7 27. Bxd8 Rxd8 28. f4
g5 $1 29. fxg5 $5 Rf8 30. Rd1 Rf2 31. Bb3 h6 32. g6 h5 33. Rd8+ Bf8 34. Rd7
Bh6+ 35. Kd1 (35. Kb1 $2 Rb2+ 36. Ka1 Rxb3 37. axb3 c2 $19) 35... Rd2+ 36. Rxd2
cxd2 37. e5 Kg7 38. Bf7 h4 (38... b5 39. e6 Kf6) 39. gxh4 b5 40. Kc2 Bf4 41. e6
Kf6 $11 {is still the best chance for White.}) 24... bxc5 $2 {Black could have
immediately equalised.} ({with} 24... Nc4 $1 25. Bc6 Rf8 26. Bb5 $1 Nxe3 27.
fxe3 bxc5 28. Rf1 Rxf1+ (28... Rb8 29. a4) 29. Bxf1 Kg8 $11) 25. Rd1 $2 {
A really bad move throwing away all my advantage.} (25. Bxc5 $1 Nxe4 26. Re1 $1
Rxa8 27. Rxe4 a5 28. Ra4 $16) 25... Nc4 26. Bc6 (26. Bd5 Nxe3 27. fxe3 Rf8 $132
) 26... Nxe3 (26... Rc8 $2 27. Bf4 Bd4 28. Bd5 Nd2 29. Kc2 $16) 27. Bxe8 Nxd1
28. Kxd1 {If White had had Ba4 Black could have resigned but now it is just a
draw.} Bd4 $1 $11 (28... Kg8 $2 29. Ba4 Bd4 30. Ke2 Kf7 31. f4 $18) 29. f3 Bg1
30. h3 Bh2 31. Kc2 $1 {If White still wants to try to achieve anything he
should allow his kingside pawns to be blockated.} (31. g4 $2 g5 (31... Kg7 32.
Kc2 Be5) 32. Kc2 Be5 $11) 31... Bxg3 32. Kxc3 Kg7 33. Kc4 Kf6 $1 (33... Bf2 34.
Kd5 Kf6 35. e5+ Ke7 36. Bb5 {offers some vague chances.} a5 $1 $11) 34. Kxc5
Ke5 $11 35. Bf7 g5 36. Kc6 h6 37. Kd7 Kf6 38. Ke8 Bd6 39. Bh5 Bb4 40. a4 Bc5 {
This is a strange move because pushing the a-pawn further down may only help
White.} (40... a5 41. Bg4 Bd6 $11) 41. a5 Bb4 42. a6 Bc5 43. Bg4 Bb4 44. h4 $1
{This should not change anything but still.} h5 $1 {The cleanest way to
achieve a draw.} (44... gxh4 $2 45. f4 h5 46. e5+ Kg6 47. Bh3 Bc3 48. Kd7 Bb4
49. f5+ Kf7 50. Bg2 Kf8 51. Bd5 h3 52. f6 Bc3 53. Ke6 h2 54. Kf5 Bb4 55. e6 $18
) (44... Ba3 45. h5 {Black could draw this position even without ...Bd6 since
he could not be put into zugzwang.} Bd6 $1 (45... Bc5 46. e5+ Kxe5 47. Kf7 Bb4
48. Kg6 Bc5 49. Kxh6 Kf6 50. Kh7 Bf8 51. h6 Kf7 52. Bh5+ Kf6 53. Bg6 (53. Be8
Kf5 54. Bd7+ Kf6 55. Bh3 Kf7 56. Bg4 Kf6 57. Bh5 Kf5 $11) 53... g4 $1 54. f4 (
54. fxg4 Kg5 $11) 54... g3 55. Be4 Kf7 $11) 46. Bh3 Bb4 47. e5+ Kxe5 48. Kf7 g4
$1 49. Bxg4 Kf4 50. Kg6 Bf8 $11) 45. Bxh5 (45. hxg5+ Kxg5 46. Bxh5 Kxh5 47. e5
Kg6 48. Kd7 Kf5 49. e6 Kf6 50. f4 Be7 51. f5 Bc5 52. Kc6 $11) 45... Bd6 $1 {
The blockade decides the issue.} (45... gxh4 46. f4 h3 47. Bf3 (47. Bg4 h2 48.
e5+ Kg6 49. Bf3 Kf5 50. Bb7 Kxf4 51. e6 Ke5 52. Kf7 Kd4 53. e7 Bxe7 54. Kxe7
Kc5 55. Kd8 Kb6 $11) 47... h2 48. Kd7 Bc5 49. e5+ Kf5 50. Bh1 Bb4 51. e6 Kf6
$11) 46. Kd7 (46. hxg5+ Kxg5) 46... Bf4 47. hxg5+ Bxg5 (47... Kxg5 48. Ke6 $5
Kxh5 49. Kf5 Bc1 50. e5 Bd2 51. f4 Kh6 52. Kf6 Bxf4 53. e6 Bg5+ 54. Kf7 Bh4 55.
e7 Bxe7 56. Kxe7 Kg7 $11) 48. Kd6 Bf4+ 49. Kd5 Bg3 50. Bg4 Bf4 1/2-1/2

[Event "Veliko Gradiste Silver Lake op"]
[Site "Veliko Gradiste"]
[Date "2018.06.18"]
[Round "3"]
[White "Konaplev, Anton"]
[Black "Atalik, Suat"]
[Result "1/2-1/2"]
[WhiteElo "2353"]
[BlackElo "2512"]
[Annotator "Atalik,S"]
[PlyCount "90"]
[EventDate "2018.06.17"]
[EventType "swiss"]
[EventRounds "9"]
[EventCountry "SRB"]
[SourceTitle "CBM 186"]
[Source "ChessBase"]
[SourceDate "2018.09.14"]
[SourceVersion "1"]
[SourceVersionDate "2018.09.14"]
[SourceQuality "1"]

1. d4 Nf6 2. c4 g6 3. Nc3 d5 4. Bf4 Bg7 5. e3 c5 6. dxc5 Qa5 7. Qb3 $5 dxc4 8.
Bxc4 O-O 9. Qb5 Qxb5 10. Bxb5 Bd7 11. Be2 Bc6 12. Bf3 Rc8 13. Rd1 Na6 14. Be5
Nxc5 15. Bxc6 Rxc6 16. Nge2 Nfe4 17. Bxg7 Kxg7 18. O-O Rac8 19. Rd4 Nxc3 20.
Nxc3 Ne6 21. Rd2 a6 22. Rfd1 b5 23. Kf1 (23. a3 $142) 23... Nc5 24. Nd5 (24. a3
$1 $11) 24... Ne4 25. Rd4 Rc1 26. f3 e5 {Black's advantage is about to fizzle
out.} (26... Nf6 27. Nxe7 (27. Nxf6 Kxf6) 27... Rxd1+ 28. Rxd1 Rc2 29. Rd8 Rc7
30. Nc8 Rc1+ 31. Ke2 Rc2+ 32. Kd1 Rxg2 33. e4 $44) 27. R4d3 Nf6 28. Nxf6 (28.
Nc3 $5) 28... Rxd1+ (28... Kxf6 29. Ke1 Rxd1+ 30. Kxd1 $11) 29. Rxd1 Kxf6 30.
Ke2 (30. Rd6+ Ke7 31. Rxa6 Rc1+ 32. Kf2 Rc2+ 33. Kg3 Rxb2 34. a3 $11) 30... Ke6
31. Kd2 g5 (31... e4 32. f4) 32. e4 f5 33. Rc1 Rxc1 34. Kxc1 f4 35. Kd2 Kd6 36.
b4 Ke6 37. Ke2 Kf6 38. Kf2 Kg6 39. Kf1 Kh5 40. Kg1 Kh4 41. Kh1 g4 42. Kg1 Kg5 (
42... gxf3 43. gxf3 Kh3 44. Kh1 $11) 43. Kf1 h5 44. Kg1 h4 45. h3 gxh3 1/2-1/2

[Event "Porz Citroen-Cup"]
[Site "Cologne"]
[Date "1992.??.??"]
[Round "6"]
[White "Chuchelov, Vladimir"]
[Black "Smejkal, Jan"]
[Result "0-1"]
[WhiteElo "2490"]
[BlackElo "2525"]
[Annotator "Bulletin"]
[PlyCount "58"]
[EventDate "1992.08.??"]
[EventType "tourn"]
[EventRounds "9"]
[EventCountry "GER"]
[EventCategory "9"]
[SourceTitle "CBM 031"]
[Source "ChessBase"]
[SourceDate "1992.12.01"]
[SourceVersion "1"]
[SourceVersionDate "1992.12.01"]
[SourceQuality "1"]

1. d4 Nf6 2. c4 g6 3. Nc3 d5 4. Bf4 Bg7 5. Rc1 c6 6. cxd5 (6. e3 O-O 7. Nf3 Qa5
$132) 6... Nxd5 7. Bg3 O-O 8. Nf3 Nxc3 9. bxc3 (9. Rxc3 Qa5 10. a3 c5 $36) 9...
Qa5 10. Qd2 Nd7 11. e3 (11. e4 e5 12. Bd3 $13) 11... e5 12. Bc4 (12. Bd3 Re8
13. Bb1 e4 14. Ng1 Nb6 $36) 12... e4 13. Ng1 Qa3 14. Bb3 a5 15. Ne2 a4 16. Bc2
Re8 (16... Qxa2 17. Bxe4 Qxd2+ 18. Kxd2 $14) 17. Bb1 b5 (17... Nb6 18. c4 Be6
19. c5) 18. c4 Nb6 19. cxb5 cxb5 20. Nc3 (20. Rc3 Nc4 $5 21. Rxa3 $140 Nxd2 22.
Kxd2 b4 $19) 20... Ba6 21. Nxe4 Nc4 22. Qc3 (22. Qd1 b4) 22... Qxc3+ 23. Nxc3 (
23. Rxc3 b4 24. Rc1 Na3 25. Nd2 Bxd4 $17) 23... Bxd4 24. O-O Bxc3 25. Rxc3 b4
26. Rcc1 Rad8 27. Rfd1 $2 (27. Rcd1 $142) 27... b3 28. axb3 axb3 29. Bh4 $6 (
29. Rd3 Nd2 30. Rxd8 Rxd8 31. Bh4 Rc8 $19) (29. Rd4 Rxd4 30. exd4 b2 31. Rd1
Nd2 32. Be5 Rc8 $18) 29... b2 $1 0-1

[Event "RUS-Cup2"]
[Site "Moscow"]
[Date "1996.??.??"]
[Round "6"]
[White "Karasev, Vladimir I"]
[Black "Yandemirov, Valeri"]
[Result "0-1"]
[WhiteElo "2350"]
[BlackElo "2465"]
[Annotator "Chekhov,V"]
[PlyCount "84"]
[EventDate "1996.11.28"]
[EventType "swiss"]
[EventRounds "9"]
[EventCountry "RUS"]
[SourceTitle "CBM 056 Extra"]
[Source "ChessBase"]
[SourceDate "1997.03.01"]
[SourceVersion "1"]
[SourceVersionDate "1997.03.01"]
[SourceQuality "1"]

1. d4 Nf6 2. c4 g6 3. Nc3 d5 4. Bf4 Bg7 5. e3 c6 $5 (5... c5 $5) (5... O-O $5)
6. cxd5 $5 (6. Nf3 Qa5 (6... O-O $5 7. h3 Be6 8. Qb3 (8. Ng5 $5) 8... Qb6 9. c5
Qxb3 10. axb3 Nbd7 11. b4 Ne4 12. g4 h6 13. Be2 a6 14. Rg1 g5 15. Bh2 f5 $36 {
Ruban,V-Yandemirov,V/Voronezh/1988/0,5/50/}) 7. a3 Ne4 8. b4 Nxc3 9. Qb3 Qd8
10. Qxc3 O-O 11. h3 Bf5 12. Be2 Nd7 13. O-O dxc4 14. Qxc4 $14 {Hoffmann,
M-Ftacnik,L/GER/1995/0,5/45/}) (6. h3 Qa5 7. Qd2 Be6 8. cxd5 Nxd5 9. Nxd5 Qxd2+
10. Kxd2 Bxd5 11. Ne2 Nd7 12. Nc3 Nb6 13. Nxd5 Nxd5 14. Bg3 O-O-O 15. Kc2 Rhe8
16. Bc4 e5 $10 {Ballon Guenther,J-Mikhalchishin,A/Bern/1996/0|1/35/}) 6... Nxd5
7. Nxd5 Qxd5 8. Ne2 O-O 9. Nc3 Qa5 10. Bc4 $6 (10. Be2 $5 Nd7 11. O-O e5 12.
dxe5 Nxe5 13. Qc2 Be6 14. Rfd1 $10) 10... Nd7 11. O-O e5 12. dxe5 Nxe5 13. Bb3
b6 $1 14. Bxe5 Qxe5 (14... Bxe5 15. Qf3 Bb7 16. Rad1 Bxc3 17. bxc3 Qxc3 18. Rd7
Ba6 19. Bxf7+ (19. Rxf7 Rxf7 20. Qxf7+ Kh8 21. Rd1 Be2 $13) (19. Rfd1 Bc4 20.
Qxc6 Rac8 21. Rc7 Rxc7 22. Qxc7 b5 23. h4 a5 $10) 19... Kh8 20. Qh3 Rad8 21.
Rxa7 Qd3 22. Rxa6 Qxa6 23. Bxg6 Qb7 $13) 15. Qf3 Qf6 16. Qxf6 Bxf6 17. Rfd1 Kg7
18. Rd6 c5 19. Rad1 Bf5 (19... Bb7 20. Bd5 Bxd5 21. R1xd5 Rad8 22. Kf1 $10) 20.
h3 (20. f3 $5 Rad8 21. g4 Bc8 22. Kf2 Rxd6 23. Rxd6 Rd8 $15) (20. e4 Bxc3 21.
exf5 Bxb2 22. fxg6 hxg6 23. Rd7 b5 24. Bd5 Rad8 25. Rxa7 c4 $15) 20... Rad8 21.
g4 Rxd6 22. Rxd6 Bc8 23. f4 h5 24. gxh5 $6 (24. g5 Bxc3 (24... Be7 25. Rc6 Bxh3
26. Rc7 $16) 25. bxc3 Bxh3 (25... Re8 26. Rf6 $1 Re7 27. h4 $132) 26. Rf6 $44)
24... gxh5 25. Kh2 Re8 26. Rc6 Bxc3 27. bxc3 Bf5 28. Rc7 Rxe3 29. Rxf7+ Kg6 30.
Rxa7 Rxh3+ 31. Kg2 (31. Kg1 Rxc3 32. Ra6 Be4 33. Rxb6+ Kf5 $17) 31... Rxc3 32.
Ra6 Be4+ 33. Kh2 Kf5 34. Rxb6 Kxf4 $19 35. Rf6+ Kg5 36. Re6 Bf5 37. Re1 c4 38.
Rg1+ (38. Bd1 Rc1 $19) 38... Bg4 39. Bd1 (39. Ba4 Ra3 $19) 39... Rc1 40. Ba4
Rxg1 41. Kxg1 Kf4 42. Kf2 Bf3 (42... Bf3 43. Bc2 h4 44. a4 h3 45. Kg1 Kg3 $19)
0-1